| 000 | 00881nam a2200253 4500 | ||
|---|---|---|---|
| 005 | 20160614161826.0 | ||
| 008 | 140317s2005 ve a||||r|||| 001 0 eng d | ||
| 020 | _a1932078487 | ||
| 040 |
_aCO-BoIAVH _cCO-BoIAVH |
||
| 041 | 0 | _aeng | |
| 044 | _ave | ||
| 082 | 0 | 4 |
_a578.77 _bC27m |
| 245 | 0 | 0 |
_aCaribbean marine biodiversity : _bthe known and the unknown / _ceditado por Patricia Miloslavich y Eduardo Klein |
| 260 |
_aCaracas : _bDEStech Publication, _c2005. |
||
| 300 |
_a310 páginas : _bilustraciones ; _c22 x 15 cm. |
||
| 500 | _aIncluye índices. | ||
| 504 | _aIncluye referencias bibliográficas. | ||
| 650 | 1 | 4 |
_aBiodiversidad marina _zCaribe |
| 650 | 2 | 6 |
_aConservación de la diversidad biológica _zCaribe |
| 700 | 1 |
_aMiloslavich, Patricia _eeditora |
|
| 700 | 1 |
_aKlein, Eduardo _eeditor |
|
| 942 |
_cLIBRO _2ddc |
||
| 945 | _d2005-11-18 | ||
| 999 |
_c4841 _d4841 |
||